000 00725nam a2200253Ia 4500
003 OSt
005 20221006151202.0
006 a|||||r|||| 00| 0
007 ta
008 221006b |||||||| |||| 00| 0 jpn d
024 _a21,225
037 _bGift, Japan Foundation
_cTextual
040 _aEASL
_cEASL
_bjpn
041 _2jpn
_ajpn
082 _aY;10GX8(A):275.42.N7, M7
100 _aTOMARU Taisuke etc.
_9658507
245 0 _aToyota to chiiki shakai
260 _aTokyo
_bOtsuki shoten Japan
_c1987
300 _a348p.
_ccm.
490 _v JL
650 _aJL
942 _hY;10GX8(A):275.42.N7, M7
_cTEXL
_2CC
999 _c1089311
_d1089311